Fourth Pay Commission (Record no. 14906)

000 -LEADER
fixed length control field 00370pab a2200145 454500
008 - FIXED-LENGTH DATA ELEMENTS--GENERAL INFORMATION
fixed length control field 180718b1986 xxu||||| |||| 00| 0 eng d
100 ## - MAIN ENTRY--PERSONAL NAME
Personal name Datt, Ruddar
245 ## - TITLE STATEMENT
Title Fourth Pay Commission
Remainder of title First impression
260 ## - PUBLICATION, DISTRIBUTION, ETC.
Date of publication, distribution, etc. 1986
300 ## - PHYSICAL DESCRIPTION
Extent 5-6
362 ## - DATES OF PUBLICATION AND/OR SEQUENTIAL DESIGNATION
Dates of publication and/or sequential designation 20 July
650 ## - SUBJECT ADDED ENTRY--TOPICAL TERM
Topical term or geographic name entry element Personnel, Public - Pay Plans - Adjustments - India
773 ## - HOST ITEM ENTRY
Main entry heading Janata
909 ## -
-- 14906
Holdings
Withdrawn status Lost status Damaged status Not for loan Permanent Location Current Location Date acquired Serial Enumeration / chronology Barcode Date last seen Price effective from Koha item type
        Indian Institute of Public Administration Indian Institute of Public Administration 2018-07-19 Volume no: 41, Issue no: 15 AR14955 2018-07-19 2018-07-19 Articles

Powered by Koha